Administración moderna: diversidad, calidad, ética y entorno global

Salvato in:
Dettagli Bibliografici
Autore principale: Certo, Samuel C (Autore)
Natura: Libro
Lingua:spagnolo
Pubblicazione: Bogotá Pearson Educación 2001
Edizione:8a. ed
Soggetti:
Tags: Aggiungi Tag
Nessun Tag, puoi essere il primo ad aggiungerne!!

MARC

LEADER 00000cam a2200000 a 4500
001 UCD6477
003 CL-VaPUC
008 161209e20010000ck |||||||||||||||||spa|d
020 |a 9586990389 
082 0 4 |a 658  |b CER  |2 21 
100 0 |a Certo, Samuel C  |e author  |9 590298 
245 1 0 |a Administración moderna: diversidad, calidad, ética y entorno global 
250 |a 8a. ed 
300 |a 599 p 
942 |c BK 
945 |d 20161209 23:21:00  |a arojas 
260 |a Bogotá  |b Pearson Educación  |c 2001 
650 0 |a Administración de empresas   |9 260833 
650 0 |a Planificación estratégica   |9 259735 
650 0 |a Globalización  |9 361930 
583 |a last modification  |c 20161209 23:21:00  |k Rodrigo Vera 
999 |c 366792  |d 366790